¿Cómo Salimos De Este Lío? - Prince Royce, Lenny Tavárez - Estadísticas

Estadísticas generales
  • Esta prueba ha sido intentada 207 veces
  • La puntuación promedio es 129 de 368
Estadísticas de respuestas
Letra % Correcto
a
100%
de
100%
el
100%
Él
100%
es
100%
te
100%
Te
100%
Y
100%
y
100%
yo
100%
Yo
100%
amor,
50%
amor
50%
babie'
50%
baby
50%
Be-
50%
Bellaca
50%
Bellaca,
50%
Bellaco
50%
castigo
50%
como
50%
¿Cómo
50%
cómo
50%
cruel
50%
este
50%
hacer
50%
lío?
50%
má'
50%
más
50%
me
50%
50%
no
50%
Pa'
50%
pa'
50%
Por
50%
por
50%
Que
50%
que
50%
reemplazarme
50%
salimo'
50%
se
50%
50%
si
50%
soy
50%
trates
50%
tu
50%
50%
un
50%
una
50%
abajo
0%
allá
0%
amante
0%
antoja
0%
aplaudan
0%
arriba,
0%
aventurar,
0%
Ayer
0%
besamos
0%
besarte
0%
buscarme
0%
carita
0%
chingamos
0%
Christian
0%
comerte
0%
con
0%
concierto
0%
conmigo
0%
contigo
0%
cositas
0%
Cuando
0%
cuando
0%
culo'
0%
da
0%
darte
0%
derretío'
0%
Dior
0%
doy
0%
en
0%
esas
0%
eso
0%
esto
0%
Esto
0%
Extraño
0%
follamos
0%
fui
0%
Gucci
0%
gusta
0%
hoy
0%
indecentes
0%
infiel
0%
inocente
0%
intenten
0%
las
0%
lo
0%
los
0%
Louis,
0%
mal
0%
mío
0%
moverte
0%
nalga'
0%
noches
0%
normal
0%
nos
0%
obsesión
0%
Oh-
0%
oh,
0%
oh-
0%
oh
0%
olvida
0%
pasaste
0%
perfectas
0%
Perfectas
0%
Pero
0%
Prada,
0%
pueda
0%
quieres
0%
recibo
0%
regala
0%
sabe'
0%
selectivo
0%
ser
0%
sexflix
0%
sientes,
0%
son
0%
subí
0%
'tá
0%
tenemo'
0%
to'
0%
va
0%
vienes
0%
voy
0%
yeah
0%
No se encontraron pruebas coincidentes
Distribución de puntuación
Porcentaje de gente con cada puntuación
Porcentaje por número respondido
Historial de tus puntuaciones
No has intentado esta prueba.